000 00468nam a2200181Ia 4500
005 20250326142507.0
008 250326s9999 xx 000 0 und d
037 _aTextbook
040 _aFMSL
_beng
_cFMSL
041 _aeng
_2eng
084 _qFMSL
100 _aMcwillims N
_9746151
245 0 _aPsychoanalytic case formulation
_cMcwillims N
260 _aNew York
_bNew York, Guilford
_c1999
300 _a240p
942 _cTB
999 _c1295297
_d1295297